| Tag |
First Indicator |
Second Indicator |
Subfields |
| LEADER |
00000cam a2200000 4500 |
| 001 |
in00000076468 |
| 005 |
20151008052714.0 |
| 008 |
740205s1966 enk 00000 eng u |
| 010 |
|
|
|a 66070740
|
| 035 |
|
|
|a (OCoLC)00789631
|
| 035 |
|
|
|9 AAH4544AM
|
| 040 |
|
|
|c CSU
|d TXA
|d UtOrBLW
|
| 049 |
|
|
|a TXAM
|c [469790]
|
| 050 |
|
0 |
|a LC3736.G6
|b H3
|
| 092 |
|
|
|a 371.98
|b H392i, 1966
|
| 100 |
1 |
|
|a Hawkes, Nicolas.
|
| 245 |
1 |
0 |
|a Immigrant children in British schools.
|
| 264 |
|
1 |
|a London :
|b Issued under the auspices of the Institute of Race Relations by Pall Mall Press,
|c [1966]
|
| 300 |
|
|
|a 68 pages ;
|c 21 cm.
|
| 336 |
|
|
|a text
|b txt
|2 rdacontent
|
| 337 |
|
|
|a unmediated
|b n
|2 rdamedia
|
| 338 |
|
|
|a volume
|b nc
|2 rdacarrier
|
| 650 |
|
0 |
|a Education
|z Great Britain.
|
| 650 |
|
0 |
|a Bilingualism.
|
| 710 |
2 |
|
|a Institute of Race Relations.
|
| 999 |
|
|
|a MARS
|
| 999 |
f |
f |
|s a9309f30-d857-3880-963c-390f56227f69
|i bd128730-513a-3ed0-9e14-7ba2368b34ae
|t 0
|
| 952 |
f |
f |
|p normal
|a Texas A&M University
|b College Station
|c Sterling C. Evans Library
|d Evans: Library Stacks
|t 0
|e LC3736.G6 H3
|h Library of Congress classification
|i unmediated -- volume
|m A14800847996
|
| 998 |
f |
f |
|a LC3736.G6 H3
|t 0
|l Evans: Library Stacks
|